[Event "TCh-RUS Women 2020"]
[Site "Sochi RUS"]
[Date "2020.11.25"]
[Round "6.2"]
[Board "4"]
[White "Smirnova, Ekaterina"]
[Black "Guseva, Marina"]
[Result "1/2-1/2"]
[WhiteTitle "WIM"]
[BlackTitle "IM"]
[WhiteElo "2239"]
[BlackElo "2352"]
[WhiteTeam "Moskovskaya oblast"]
[BlackTeam "Yugra (KhMAO-Yugra)"]
[WhiteFideId "4110943"]
[BlackFideId "4149351"]
[EventDate "2020.11.19"]

1. d4 Nf6 2. c4 e6 3. Nf3 b6 4. g3 Ba6 5. Qa4 Bb7 6. Bg2 c5 7. dxc5 bxc5 8. O-O
Be7 9. Nc3 O-O 10. Rd1 Qb6 11. Bf4 Rd8 12. Rd2 d6 13. Rad1 Ne8 14. Ng5 Bxg2 15.
Kxg2 Nd7 16. Nge4 Ndf6 17. f3 a6 18. b3 Nxe4 19. Nxe4 h6 20. g4 Rac8 21. h3 Rc6
22. Bg3 Nf6 23. Nc3 Ne8 24. Ne4 Nf6 25. Nc3 Rdc8 26. Rd3 Qd8 27. e4 Qc7 28. Qa3
Qb8 29. Qb2 Ne8 30. Ne2 Bf6 31. Qd2 Bg5 32. Qc2 Be7 33. h4 Qb6 34. Qd2 Qa7 35.
Kh3 Bf8 36. Nc3 f6 37. h5 Qf7 38. Ne2 Be7 39. Nf4 e5 40. Nd5 Bf8 41. Re3 Nc7 42.
Nxc7 R8xc7 43. Re2 Kh8 44. Be1 Rb7 45. Qd5 Qe8 46. Ba5 Qc8 47. Kg2 Qd7 48. Red2
Rc8 49. Qd3 Qc6 50. Rc2 Rcb8 51. Rcd2 Be7 52. Qd5 Qxd5 53. Rxd5 Rc8 54. Kf1 Kg8
55. Ke2 Kf7 56. R5d3 Ke6 57. Kd2 Bd8 58. Bc3 Bc7 59. Kc2 a5 60. a4 Ra8 1/2-1/2

[Event "TCh-RUS Women 2020"]
[Site "Sochi RUS"]
[Date "2020.11.25"]
[Round "6.3"]
[Board "1"]
[White "Bodnaruk, Anastasia"]
[Black "Kochukova, Anna"]
[Result "1-0"]
[WhiteTitle "IM"]
[BlackTitle "WFM"]
[WhiteElo "2414"]
[BlackElo "2111"]
[WhiteTeam "SShOR ShSh-1 (g.Sankt-Peterburg)"]
[BlackTeam "Turbonasos (Voronezhskaya oblast)"]
[WhiteFideId "4181751"]
[BlackFideId "24173932"]
[EventDate "2020.11.19"]

1. e4 c5 2. Nf3 e6 3. b3 Nc6 4. Bb2 Nf6 5. e5 Nd5 6. c4 Nc7 7. Bd3 d5 8. exd6
Qxd6 9. Be4 Nd4 10. Nxd4 cxd4 11. O-O Qf4 12. d3 Bd6 13. g3 Qf6 14. f4 h5 15.
Qf3 h4 16. g4 g5 17. Bxb7 Bxb7 18. Qxb7 Bxf4 19. Nd2 Be3+ 20. Kh1 Qe7 21. Qc6+
Kf8 22. Ne4 Rd8 23. a4 Kg7 24. Ba3 Qd7 25. Qc5 Ne8 26. Nxg5 f6 27. Ne4 Kg6 28.
Qe7 Rh7 29. Rxf6+ 1-0

[Event "TCh-RUS Women 2020"]
[Site "Sochi RUS"]
[Date "2020.11.25"]
[Round "6.3"]
[Board "2"]
[White "Zhurova, Anna"]
[Black "Ovod, Evgenija"]
[Result "0-1"]
[BlackTitle "IM"]
[WhiteElo "2078"]
[BlackElo "2338"]
[WhiteTeam "Turbonasos (Voronezhskaya oblast)"]
[BlackTeam "SShOR ShSh-1 (g.Sankt-Peterburg)"]
[WhiteFideId "54113075"]
[BlackFideId "4131827"]
[EventDate "2020.11.19"]

1. e4 c5 2. Nc3 Nc6 3. g3 g6 4. Bg2 Bg7 5. d3 d6 6. Be3 Rb8 7. Qd2 b5 8. h4 b4
9. Nd1 h5 10. Ne2 Nf6 11. d4 cxd4 12. Nxd4 Ne5 13. f4 Nc4 14. Qd3 Nxe3 15. Nxe3
Bb7 16. f5 gxf5 17. Ndxf5 Rg8 18. Nxg7+ Rxg7 19. Nf5 Rg4 20. O-O-O Qb6 21. Rhe1
Nd7 22. e5 Bxg2 23. e6 fxe6 24. Rxe6 Kd8 25. Nxe7 Qb5 26. Qd2 Bf3 27. Rxd6 Rb7
28. Re1 Rb6 29. Rd3 Be4 30. Rd4 Kxe7 31. Rdxe4+ Rxe4 32. Rxe4+ Kd8 33. Qe1 a5
34. g4 hxg4 35. Rxg4 Qd5 36. b3 Re6 37. Qg1 Qe5 38. Kb1 Qc3 39. Rg8+ Ke7 40.
Qg7+ Kd6 41. Qg3+ Qxg3 42. Rxg3 Re1+ 43. Kb2 Nf6 44. Rg6 Rf1 45. a3 Kc5 46. Rg5+
Nd5 47. h5 Rh1 48. h6 Rxh6 49. axb4+ axb4 50. Kc1 Rh2 51. Rg8 Nc3 52. Rc8+ Kb6
53. Kb2 Rh4 54. Rd8 Kc7 55. Rg8 Nd1+ 56. Kc1 Rh1 57. Kd2 Nc3 58. Kd3 Rh4 59.
Rg7+ Kc6 60. Rg8 Rh3+ 61. Kc4 Na2 62. Rg6+ Kd7 63. Rg2 Rc3+ 64. Kd5 Kc7 65. Kd4
Kb6 66. Rg6+ Rc6 67. Rg2 Nc3 68. Kd3 Kb5 69. Rg5+ Rc5 70. Rg8 Rd5+ 71. Ke3 Rd6
72. Rg5+ Kc6 73. Rg8 Nd5+ 74. Ke2 Kc5 75. Rg5 Kd4 76. Kd2 Ne3 77. Rh5 Rg6 78.
Rh3 Rg2+ 79. Kc1 Rxc2+ 80. Kb1 Re2 81. Rh1 Kc3 0-1

[Event "TCh-RUS Women 2020"]
[Site "Sochi RUS"]
[Date "2020.11.25"]
[Round "6.3"]
[Board "3"]
[White "Belenkaya, Dina"]
[Black "Shestakova, Ekaterina"]
[Result "1-0"]
[WhiteTitle "WGM"]
[WhiteElo "2283"]
[BlackElo "1966"]
[WhiteTeam "SShOR ShSh-1 (g.Sankt-Peterburg)"]
[BlackTeam "Turbonasos (Voronezhskaya oblast)"]
[WhiteFideId "24142654"]
[BlackFideId "34166383"]
[EventDate "2020.11.19"]

1. e4 c5 2. Nc3 Nc6 3. g3 g6 4. Bg2 Bg7 5. d3 d6 6. Nf3 Rb8 7. O-O b5 8. Re1 e6
9. Bg5 Nge7 10. Qd2 h6 11. Be3 b4 12. Ne2 Bxb2 13. Rab1 Bg7 14. d4 cxd4 15.
Nfxd4 a5 16. Nxc6 Nxc6 17. Red1 Bb7 18. c3 Qe7 19. cxb4 axb4 20. Nd4 O-O 21.
Nxc6 Bxc6 22. Rxb4 Rxb4 23. Qxb4 Ra8 24. Qb6 Qd7 25. Rc1 Rc8 26. Qa6 Qb7 27. Bf1
d5 28. Bb5 Rb8 29. Qxb7 Bxb7 30. exd5 exd5 31. a4 d4 32. Bd2 Bf3 33. Kf1 g5 34.
Rc7 Be5 35. Re7 Bf6 36. Rc7 Be5 37. Rc5 Bg7 38. Ke1 Bf8 39. Rc4 Bg7 40. Ba5 Bd5
41. Rc7 Bb3 42. Rd7 Ra8 43. Rd8+ Rxd8 44. Bxd8 Bd5 45. a5 Be5 46. a6 f6 47. Kd2
Be4 48. Bd7 Kf7 49. Bc8 Bb8 50. Bb6 d3 51. Ke3 f5 52. a7 Be5 53. Bxf5 d2 54.
Kxd2 Bb7 55. Ke3 1-0

[Event "TCh-RUS Women 2020"]
[Site "Sochi RUS"]
[Date "2020.11.25"]
[Round "6.3"]
[Board "4"]
[White "Lesnykh, Zhanna"]
[Black "Styazhkina, Anna"]
[Result "1/2-1/2"]
[BlackTitle "WIM"]
[WhiteElo "1755"]
[BlackElo "2319"]
[WhiteTeam "Turbonasos (Voronezhskaya oblast)"]
[BlackTeam "SShOR ShSh-1 (g.Sankt-Peterburg)"]
[WhiteFideId "44146957"]
[BlackFideId "24119300"]
[EventDate "2020.11.19"]

1. e4 e5 2. Nf3 Nc6 3. Bb5 a6 4. Ba4 Nf6 5. O-O Bc5 6. c3 b5 7. Bb3 d6 8. d4 Bb6
9. h3 h6 10. dxe5 dxe5 11. Qxd8+ Nxd8 12. Nxe5 Bb7 13. a4 O-O 14. axb5 axb5 15.
Rxa8 Bxa8 16. Na3 Re8 17. Bf4 g5 18. Bh2 Nxe4 19. Nd7 Ba5 20. Re1 Bc6 21. Rxe4
Bxd7 22. Rxe8+ Bxe8 23. Be5 c5 24. Bd5 c4 25. Kf1 Ne6 26. Bxe6 fxe6 27. Nc2 Kf7
28. Ke2 Ke7 29. Bg7 h5 30. Be5 Bb6 31. Nd4 Bc5 32. g4 hxg4 33. hxg4 b4 34. cxb4
Bxb4 35. Nf3 Bb5 36. Ke3 Bc5+ 37. Bd4 Bd6 38. Nxg5 e5 39. Bc3 Bc5+ 40. Ke2 Bd4
41. Nf3 Kf6 42. Nxd4 exd4 43. Bxd4+ Kg5 44. Kf3 Bd7 45. Be3+ Kh4 46. g5 Kh5 47.
Ke4 Bh3 48. f4 Kg6 49. Kd4 Bf1 50. Ke5 Bh3 51. Kd5 Bf1 52. Ke4 Bg2+ 53. Ke5 Bh3
54. Kd4 Bf1 1/2-1/2

[Event "TCh-RUS Women 2020"]
[Site "Sochi RUS"]
[Date "2020.11.25"]
[Round "6.4"]
[Board "1"]
[White "Shafigullina, Zarina"]
[Black "Vasilevich, Tatjana"]
[Result "1/2-1/2"]
[WhiteTitle "WFM"]
[BlackTitle "IM"]
[WhiteElo "2302"]
[BlackElo "2353"]
[WhiteTeam "Ladya (Respublika Tatarstan)"]
[BlackTeam "Kimmeriya (Respublika Krym)"]
[WhiteFideId "24174220"]
[BlackFideId "14101610"]
[EventDate "2020.11.19"]

1. Nf3 Nf6 2. g3 d5 3. d4 c5 4. Bg2 cxd4 5. O-O h6 6. Bf4 Nc6 7. Nxd4 Qb6 8.
Nxc6 bxc6 9. b3 e6 10. Nc3 Be7 11. Na4 Qa5 12. c4 O-O 13. Qc2 Ba6 14. Bd2 Bb4
15. Bxb4 Qxb4 16. a3 Qe7 17. e4 dxc4 18. b4 Nd7 19. Rfb1 Rab8 20. Bf1 c5 21.
Bxc4 Bxc4 22. Qxc4 cxb4 23. axb4 Nb6 24. Qc5 Qb7 25. Qe3 Nxa4 26. Rxa4 a6 27.
Rba1 Rfc8 28. Rxa6 Rc4 29. e5 Rxb4 30. Ra7 Qd5 31. Re1 Rb1 32. Ra1 R1b3 33. Qe4
Qxe4 34. Rxe4 Rb1+ 35. Rxb1 Rxb1+ 36. Kg2 g6 37. h4 h5 38. Kf3 Rb2 39. Ra4 Kg7
40. Ke3 Rc2 41. Kf3 1/2-1/2

[Event "TCh-RUS Women 2020"]
[Site "Sochi RUS"]
[Date "2020.11.25"]
[Round "6.4"]
[Board "2"]
[White "Gritsayeva, Oksana"]
[Black "Yakimova, Mariya"]
[Result "0-1"]
[WhiteTitle "WFM"]
[BlackTitle "WFM"]
[WhiteElo "2351"]
[BlackElo "2244"]
[WhiteTeam "Kimmeriya (Respublika Krym)"]
[BlackTeam "Ladya (Respublika Tatarstan)"]
[WhiteFideId "14104652"]
[BlackFideId "34188859"]
[EventDate "2020.11.19"]

1. e4 c5 2. Nf3 Nc6 3. Bb5 d6 4. Bxc6+ bxc6 5. O-O e5 6. c3 Nf6 7. Re1 Bg4 8. h3
Bxf3 9. Qxf3 Be7 10. d3 O-O 11. Nd2 Ne8 12. Nc4 f6 13. Qg4 Qc8 14. Be3 d5 15.
Qxc8 Rxc8 16. Na5 Rf7 17. Rac1 Bd8 18. Nb3 c4 19. dxc4 dxe4 20. Bc5 f5 21. Rcd1
Bb6 22. Rd2 Rb7 23. Red1 Nf6 24. Kf1 Kf7 25. Ke2 f4 26. Bxb6 axb6 27. Rd8 Rxd8
28. Rxd8 Ra7 29. a3 Ke7 30. Rb8 Nd7 31. Rg8 Kf7 32. Rc8 c5 33. Nd2 Nf6 34. Rb8
Nd7 35. Rc8 Nf6 36. Rc6 Ra6 37. Rc7+ Kf8 38. Rb7 g5 39. Nb1 h5 40. b3 g4 41.
hxg4 hxg4 42. a4 Ra8 43. Rxb6 Ke7 44. Nd2 Rh8 45. Rxf6 Kxf6 46. Nxe4+ Kf5 47.
Nxc5 e4 48. a5 f3+ 49. gxf3 exf3+ 50. Kd2 Re8 51. Nd3 g3 52. fxg3 Kg4 53. b4
Kxg3 54. b5 Rd8 55. Ke3 Rxd3+ 56. Kxd3 f2 57. Kd4 f1=Q 58. Kc5 Qf8+ 59. Kb6 Qd8+
60. Kc6 Qxa5 61. c5 Qa8+ 62. Kc7 Qa7+ 63. Kc6 Kf4 64. b6 Qb8 65. c4 Ke5 66. Kb5
Qe8+ 67. Ka6 Qc6 0-1

[Event "TCh-RUS Women 2020"]
[Site "Sochi RUS"]
[Date "2020.11.25"]
[Round "6.4"]
[Board "3"]
[White "Nasyrova, Ekaterina"]
[Black "Tomilova, Elena"]
[Result "1/2-1/2"]
[WhiteTitle "WFM"]
[BlackTitle "WGM"]
[WhiteElo "2261"]
[BlackElo "2358"]
[WhiteTeam "Ladya (Respublika Tatarstan)"]
[BlackTeam "Kimmeriya (Respublika Krym)"]
[WhiteFideId "44157797"]
[BlackFideId "4162340"]
[EventDate "2020.11.19"]

1. Nf3 d5 2. e3 Nf6 3. c4 c6 4. Nc3 e6 5. b3 Bd6 6. Bb2 O-O 7. d4 Nbd7 8. Bd3 e5
9. cxd5 cxd5 10. dxe5 Nxe5 11. h3 Nxf3+ 12. Qxf3 Be5 13. O-O Bd7 14. Rab1 Bc6
15. Qf5 Re8 16. Ne2 Bxb2 17. Rxb2 Qd6 18. Rd1 Qa3 19. Rc2 a5 20. Nd4 Bd7 21. Qf4
Rac8 22. Rc7 b6 23. Bf5 Rxc7 24. Qxc7 Bxf5 25. Nxf5 Qxa2 26. Qc3 Qxf2+ 27. Kxf2
Ne4+ 28. Kf3 Nxc3 29. Rd3 Ne4 30. Rxd5 g6 31. Nd4 Nc3 32. Rd6 b5 33. Ra6 a4 34.
bxa4 bxa4 35. Ne2 Nxe2 36. Kxe2 Re4 37. Kf3 Rb4 38. g3 Kg7 39. h4 h6 40. e4 Rb3+
41. Kf4 Ra3 42. e5 Ra1 43. Ra7 Kf8 44. e6 fxe6 45. Ke5 a3 46. Kf6 Ke8 47. Kxe6
Kd8 48. Kf6 a2 49. Kxg6 Ke8 50. Kxh6 Kf8 51. Ra8+ Kf7 52. Ra7+ Kf8 53. g4 Rg1
54. Rxa2 Rxg4 55. Rf2+ Kg8 1/2-1/2

[Event "TCh-RUS Women 2020"]
[Site "Sochi RUS"]
[Date "2020.11.25"]
[Round "6.4"]
[Board "4"]
[White "Potapova, Margarita"]
[Black "Artemyeva, Olga"]
[Result "1-0"]
[WhiteTitle "WIM"]
[BlackTitle "WFM"]
[WhiteElo "2266"]
[BlackElo "2069"]
[WhiteTeam "Kimmeriya (Respublika Krym)"]
[BlackTeam "Ladya (Respublika Tatarstan)"]
[WhiteFideId "14126869"]
[BlackFideId "4138422"]
[EventDate "2020.11.19"]

1. d4 d5 2. c4 c6 3. Nf3 Nf6 4. g3 Bg4 5. Ne5 Bf5 6. Qb3 Qb6 7. cxd5 Qxb3 8.
axb3 Nxd5 9. Na3 Nb4 10. Kd2 f6 11. Nf3 N8a6 12. Nh4 Be6 13. e4 g5 14. Ng2 Bxb3
15. Kc3 Bf7 16. b3 e6 17. Ne3 Be7 18. h4 gxh4 19. gxh4 Rg8 20. Be2 Nc7 21. Ng4
Nba6 22. Nc2 Nb5+ 23. Kb2 Rd8 24. Be3 h5 25. Nh6 Rh8 26. Rhg1 Bf8 27. Nxf7 Kxf7
28. d5 exd5 29. exd5 Bd6 30. f4 Bc5 31. Bc4 Rxd5 32. Bxc5 Nxc5 33. Nb4 Rd8 34.
Nxd5 Rxd5 35. Rgd1 Nc7 36. Ra5 N5e6 37. Bxd5 Nxd5 38. f5 Ng7 39. Rdxd5 cxd5 40.
Rxd5 Ke7 41. Kc3 Ne8 42. Kd3 Nd6 43. Ke3 Nf7 44. Ke4 Ne5 45. Rd1 a6 46. Rg1 Ng4
47. Rg2 b6 48. b4 Kd6 49. Ra2 Kc6 50. Rxa6 Nf2+ 51. Kd4 Nh1 52. Ra3 Nf2 53. Re3
Kb5 54. Re6 Ng4 55. Kd5 Kxb4 56. Rxb6+ Kc3 57. Ke6 Kd4 58. Rb8 Ke4 59. Rh8 Kf4
60. Rxh5 Ne3 61. Kxf6 Kg4 62. Rg5+ Kxh4 63. Rg8 Kh5 64. Ke6 Nc2 65. f6 Nd4+ 66.
Kd7 Nf3 67. f7 Ne5+ 68. Ke8 1-0

[Event "TCh-RUS Women 2020"]
[Site "Sochi RUS"]
[Date "2020.11.25"]
[Round "6.5"]
[Board "1"]
[White "Getman, Tatyana"]
[Black "Elnikova, Milena"]
[Result "1-0"]
[WhiteTitle "WFM"]
[WhiteElo "2303"]
[BlackElo "1435"]
[WhiteTeam "SShOR ShSh-2 (g.Sankt-Peterburg)"]
[BlackTeam "NIU BelGU (Belgorodskaya oblast)"]
[WhiteFideId "34166146"]
[BlackFideId "54151503"]
[EventDate "2020.11.19"]

1. d4 Nf6 2. c4 g6 3. Nc3 Bg7 4. e4 d6 5. Nf3 O-O 6. h3 Nbd7 7. Bg5 h6 8. Be3 c5
9. d5 Kh7 10. Bd3 Ng8 11. Qd2 Ne5 12. Nxe5 Bxe5 13. O-O-O f5 14. exf5 Bxf5 15.
Bxf5 Rxf5 16. g4 Rf8 17. h4 Qd7 18. Rdg1 Bg7 19. f4 Nf6 20. f5 Qe8 21. g5 Ng8
22. fxg6+ Qxg6 23. gxh6 Bxc3 24. Qxc3 Qf6 25. Rg7+ Kh8 26. Bd2 Rae8 27. Rhg1
Qxc3+ 28. Bxc3 Nf6 29. h7 Ne4 30. Rg8+ Kxh7 31. R8g7+ Kh6 32. Be1 Rf6 33. R7g4
Nf2 34. Bd2+ Kh7 35. Rg7+ Kh8 36. R7g5 Rh6 37. Bc3+ 1-0

[Event "TCh-RUS Women 2020"]
[Site "Sochi RUS"]
[Date "2020.11.25"]
[Round "6.5"]
[Board "3"]
[White "Yurasova, Daria"]
[Black "Dorokhina, Elizaveta"]
[Result "1-0"]
[WhiteElo "2075"]
[BlackElo "1824"]
[WhiteTeam "SShOR ShSh-2 (g.Sankt-Peterburg)"]
[BlackTeam "NIU BelGU (Belgorodskaya oblast)"]
[WhiteFideId "34146919"]
[BlackFideId "44172966"]
[EventDate "2020.11.19"]

1. c4 c5 2. Nf3 g6 3. g3 Bg7 4. Bg2 Nf6 5. d4 O-O 6. O-O cxd4 7. Nxd4 Nc6 8. Nc3
Qb6 9. Nc2 d6 10. b3 Qa5 11. Nb5 Ng4 12. Bd2 Qd8 13. Rb1 Be6 14. Nc3 Qd7 15. Nd5
Bxd5 16. Bxd5 Rac8 17. Bg2 f5 18. Ne3 Nxe3 19. Bxe3 e5 20. Qd5+ Kh8 21. Rbd1 f4
22. Bc5 Qf5 23. Bxd6 Rfd8 24. c5 Nd4 25. Rxd4 exd4 26. Qxf5 gxf5 27. Bxb7 Rxd6
28. cxd6 Rd8 29. Rc1 fxg3 30. hxg3 Be5 31. Rc5 Bxd6 32. Rxf5 Kg7 33. Be4 Re8 34.
Bd3 Re5 35. Rf4 Bc5 36. Rg4+ Kf6 37. Kf1 h5 38. Rg6+ Kf7 39. Rh6 Kg7 40. Rh7+
Kf6 41. Kg2 Bb6 42. b4 Rd5 43. a4 Kg5 44. a5 Bd8 45. Rxa7 Bf6 46. Rh7 Rd8 47.
f4+ Kg4 48. Rh6 1-0

[Event "TCh-RUS Women 2020"]
[Site "Sochi RUS"]
[Date "2020.11.25"]
[Round "6.5"]
[Board "4"]
[White "Tinina, Kristina"]
[Black "Balaian, Alina"]
[Result "0-1"]
[BlackTitle "WIM"]
[WhiteElo "1678"]
[BlackElo "2243"]
[WhiteTeam "NIU BelGU (Belgorodskaya oblast)"]
[BlackTeam "SShOR ShSh-2 (g.Sankt-Peterburg)"]
[WhiteFideId "54113105"]
[BlackFideId "24115347"]
[EventDate "2020.11.19"]

1. e4 e6 2. d4 d5 3. Nc3 Bb4 4. e5 c5 5. a3 Bxc3+ 6. bxc3 Ne7 7. Nf3 Nbc6 8. Bd3
c4 9. Be2 Qa5 10. Bd2 Bd7 11. O-O f6 12. Re1 Ng6 13. Bf1 O-O-O 14. g3 Rde8 15.
Bh3 h5 16. Bg2 h4 17. Qb1 Qc7 18. Qb2 Ref8 19. Rab1 b6 20. a4 hxg3 21. hxg3 Rh5
22. Qa3 Rf7 23. Be3 fxe5 24. dxe5 Ngxe5 25. Nd4 Nxd4 26. cxd4 Nc6 27. Bf4 Rxf4
28. gxf4 Qxf4 29. c3 e5 30. Qd6 Rf5 31. Rb2 exd4 32. Qxf4 Rxf4 33. Bxd5 dxc3 34.
Rc2 Nb4 35. Rxc3 Nxd5 36. Rg3 c3 37. Rd1 c2 38. Rc1 Bxa4 39. Rxg7 Nc3 40. Re1
Ne2+ 0-1

[Event "TCh-RUS Women 2020"]
[Site "Sochi RUS"]
[Date "2020.11.25"]
[Round "6.6"]
[Board "1"]
[White "Grigorieva, Yulia"]
[Black "Goltseva, Ekaterina"]
[Result "0-1"]
[WhiteTitle "WFM"]
[BlackTitle "FM"]
[WhiteElo "2343"]
[BlackElo "2306"]
[WhiteTeam "SK Tolpar (Respublika Bashkortostan)"]
[BlackTeam "FShNO (Nizhegorodskaya oblast)"]
[WhiteFideId "34104868"]
[BlackFideId "24173770"]
[EventDate "2020.11.19"]

1. d4 Nf6 2. c4 e6 3. Nc3 Bb4 4. e3 c5 5. Ne2 cxd4 6. exd4 O-O 7. a3 Be7 8. Nf4
d6 9. Be2 e5 10. Nfd5 Nxd5 11. Nxd5 Nc6 12. dxe5 dxe5 13. O-O Bc5 14. b4 Bd4 15.
Ra2 Be6 16. Qb3 b5 17. Rd2 Rc8 18. Rfd1 Ne7 19. Ne3 Qc7 20. Rc2 Rfd8 21. Bb2 Nf5
22. Nxf5 Bxf5 23. c5 Bxc2 24. Qxc2 Bxb2 25. Rxd8+ Rxd8 26. Qxb2 a6 27. h3 e4 28.
Qc3 h6 29. a4 bxa4 30. Bxa6 Rd1+ 31. Bf1 Qd7 32. c6 Qd3 33. Qe5 Qxf1+ 34. Kh2
Qg1+ 35. Kg3 Rd3+ 36. Kh4 Qxf2+ 37. Kh5 g6+ 38. Kg4 f5+ 0-1

[Event "TCh-RUS Women 2020"]
[Site "Sochi RUS"]
[Date "2020.11.25"]
[Round "6.6"]
[Board "3"]
[White "Idrisova, Roza"]
[Black "Zavivaeva, Emilia"]
[Result "0-1"]
[WhiteTitle "WFM"]
[BlackTitle "WCM"]
[WhiteElo "1960"]
[BlackElo "1790"]
[WhiteTeam "SK Tolpar (Respublika Bashkortostan)"]
[BlackTeam "FShNO (Nizhegorodskaya oblast)"]
[WhiteFideId "4146662"]
[BlackFideId "34127531"]
[EventDate "2020.11.19"]

1. Nf3 d5 2. d4 Nf6 3. Bg5 e6 4. Nbd2 Be7 5. e3 Nbd7 6. Bd3 O-O 7. O-O b6 8. Ne5
Bb7 9. f4 Ne4 10. Bxe7 Qxe7 11. Rf3 f5 12. Nxd7 Qxd7 13. Rh3 Nxd2 14. Qxd2 c5
15. c3 Rf6 16. Rf1 Raf8 17. Rff3 Rg6 18. Rh4 Bc6 19. Rfh3 h6 20. Be2 Qe7 21. Qe1
Be8 22. Kh1 Kh7 23. Bh5 Rgf6 24. Bf3 Rg6 25. Qf2 b5 26. Bh5 Rgf6 27. Be2 b4 28.
cxb4 cxb4 29. Rg3 Rg6 30. Rhh3 Qc7 31. Rxg6 Bxg6 32. Bf1 Qc1 33. Kg1 Rc8 34. Qe2
Rc2 35. Qa6 Qd2 36. Rf3 Bh5 37. Qxe6 Bxf3 38. Qxf5+ Kg8 39. Qe6+ Kh8 40. Qe8+
Kh7 41. Qb5 Qf2+ 42. Kh1 Bxg2+ 43. Bxg2 Qxg2# 0-1

[Event "TCh-RUS Women 2020"]
[Site "Sochi RUS"]
[Date "2020.11.26"]
[Round "7.1"]
[Board "1"]
[White "Shuvalova, Polina"]
[Black "Getman, Tatyana"]
[Result "1/2-1/2"]
[WhiteTitle "IM"]
[BlackTitle "WFM"]
[WhiteElo "2454"]
[BlackElo "2303"]
[WhiteTeam "FShM (Moskva)"]
[BlackTeam "SShOR ShSh-2 (g.Sankt-Peterburg)"]
[WhiteFideId "24171760"]
[BlackFideId "34166146"]
[EventDate "2020.11.19"]

1. e4 e5 2. Bc4 Nf6 3. d3 c6 4. Nf3 d5 5. Bb3 Bd6 6. Nc3 d4 7. Ne2 Nbd7 8. c3
dxc3 9. bxc3 O-O 10. Ng3 Nc5 11. Bc2 Re8 12. O-O Bc7 13. h3 b6 14. Re1 Ba6 15.
d4 exd4 16. cxd4 Bxg3 17. fxg3 Ncxe4 18. Kh2 Nc3 19. Qd2 Ne2 20. Bb2 Ne4 21. Qe3
N4xg3 22. Ne5 Qf6 23. Rad1 h5 24. a4 h4 25. Qf3 Qxf3 26. Nxf3 Nf4 27. Nxh4 Nge2
28. Nf3 f6 29. Nh4 Bc4 30. Rd2 Nd5 31. Nf5 Re6 32. Ba3 b5 33. Nd6 Nef4 34. Rxe6
Nxe6 35. Bf5 Nec7 36. Bd7 Rb8 37. Bxc6 a6 38. Bc5 Bb3 39. axb5 axb5 40. Rb2 Ba4
41. Ne4 Kf7 42. g4 Kg6 43. Nd6 Nc3 44. Ne4 N3d5 45. Nd6 Nc3 46. Nf5 N7d5 47.
Ne7+ Nxe7 48. Bxe7 b4 49. Bxa4 Nxa4 50. Rxb4 Rxb4 51. Bxb4 f5 52. Kg3 fxg4 53.
Kxg4 Kf6 54. Bd6 g6 55. Be5+ Ke6 56. Kg5 Kf7 57. Bh8 Nb6 58. Kf4 Ke6 59. Ke4 Nd5
60. Kd3 Nf4+ 61. Ke4 Nd5 62. Bg7 Nb6 63. Kf4 Nd5+ 64. Kg5 Kf7 65. Bh8 Nb6 66.
Kf4 1/2-1/2

[Event "TCh-RUS Women 2020"]
[Site "Sochi RUS"]
[Date "2020.11.26"]
[Round "7.1"]
[Board "3"]
[White "Bivol, Alina"]
[Black "Pogorelskikh, Sofia"]
[Result "1-0"]
[WhiteTitle "WGM"]
[WhiteElo "2373"]
[BlackElo "2128"]
[WhiteTeam "FShM (Moskva)"]
[BlackTeam "SShOR ShSh-2 (g.Sankt-Peterburg)"]
[WhiteFideId "4100123"]
[BlackFideId "44164548"]
[EventDate "2020.11.19"]

1. c4 Nf6 2. Nc3 e5 3. g3 g6 4. d4 exd4 5. Qxd4 d6 6. Bg5 Bg7 7. Nd5 Nbd7 8.
Qe3+ Kf8 9. Bg2 h6 10. Bxf6 Nxf6 11. Nf3 Nxd5 12. cxd5 Bxb2 13. Rd1 Bf6 14. O-O
Kg7 15. Rb1 Re8 16. Qd2 b6 17. Rfc1 Bf5 18. Rb4 a5 19. Rbc4 Ra7 20. Nd4 Bd7 21.
Nc6 Bxc6 22. Rxc6 b5 23. e4 b4 24. f4 Qb8 25. Rb1 Rb7 26. Ra6 Ra7 27. Rc6 Rb7
28. Ra6 Rb5 29. Rc1 Bc3 30. Qd3 Qb7 31. Rc6 Kg8 32. h4 h5 33. Kh2 Rb6 34. Rc4
Qa6 35. Bf1 c6 36. R4xc3 bxc3 37. Qxa6 Rxa6 38. Bxa6 cxd5 39. exd5 1-0

[Event "TCh-RUS Women 2020"]
[Site "Sochi RUS"]
[Date "2020.11.26"]
[Round "7.1"]
[Board "4"]
[White "Yurasova, Daria"]
[Black "Dordzhieva, Dinara"]
[Result "1/2-1/2"]
[BlackTitle "WGM"]
[WhiteElo "2075"]
[BlackElo "2352"]
[WhiteTeam "SShOR ShSh-2 (g.Sankt-Peterburg)"]
[BlackTeam "FShM (Moskva)"]
[WhiteFideId "34146919"]
[BlackFideId "24157570"]
[EventDate "2020.11.19"]

1. d4 Nf6 2. Nf3 e6 3. e3 c5 4. Bd3 b6 5. O-O Bb7 6. b3 Be7 7. c4 O-O 8. Nc3
cxd4 9. Nxd4 d5 10. cxd5 Nxd5 11. Bb2 Nxc3 12. Bxc3 Nd7 13. Bb5 Rc8 14. Bb2 Nc5
15. Qg4 Bf6 16. Rfd1 Qe7 17. Rac1 g6 18. Ba3 Bg7 19. b4 h5 20. Qe2 Ne4 21. Bc6
Rfd8 22. Bxb7 Qxb7 23. Bb2 Rxc1 24. Rxc1 e5 25. Nb3 Qd7 26. f3 Ng5 27. b5 e4 28.
Bxg7 Kxg7 29. f4 Ne6 30. Qc4 Qd3 31. Kf2 Kh7 32. g3 Rd5 33. a4 Qxc4 34. Rxc4 Rd3
35. Rb4 Nc7 36. Nc1 Rd2+ 37. Ne2 Nd5 38. Rd4 Rxd4 39. Nxd4 Nc3 40. Nc6 Nxa4 41.
Nxa7 Nc3 42. Nc8 Nd5 43. Nd6 f5 44. h3 Kg7 1/2-1/2

[Event "TCh-RUS Women 2020"]
[Site "Sochi RUS"]
[Date "2020.11.26"]
[Round "7.2"]
[Board "1"]
[White "Pogonina, Natalija"]
[Black "Zherebtsova, Alexandra"]
[Result "1-0"]
[WhiteTitle "WGM"]
[BlackTitle "WFM"]
[WhiteElo "2475"]
[BlackElo "2204"]
[WhiteTeam "Yugra (KhMAO-Yugra)"]
[BlackTeam "Amazonki QDDA (Kurskaya oblast)"]
[WhiteFideId "4147855"]
[BlackFideId "24129518"]
[EventDate "2020.11.19"]

1. d4 Nf6 2. c4 g6 3. Nc3 d5 4. cxd5 Nxd5 5. e4 Nxc3 6. bxc3 Bg7 7. Be3 O-O 8.
Nf3 c5 9. Rc1 Qa5 10. Qd2 cxd4 11. cxd4 Qxd2+ 12. Bxd2 Bg4 13. Be3 Nc6 14. d5
Nb4 15. a3 Na2 16. Rc2 Nc3 17. Nd4 Nd1 18. Be2 Nxe3 19. fxe3 Bxd4 20. exd4 Rac8
21. Rxc8 Bxc8 22. Kd2 Bd7 23. Rb1 Rb8 24. Ba6 b5 25. Rc1 b4 26. axb4 Rxb4 27.
Rc7 Rxd4+ 28. Ke3 Ra4 29. Bd3 Bg4 30. Rxe7 Kf8 31. Rb7 a5 32. h3 Bd1 33. Rb1 1-0

[Event "TCh-RUS Women 2020"]
[Site "Sochi RUS"]
[Date "2020.11.26"]
[Round "7.2"]
[Board "3"]
[White "Guseva, Marina"]
[Black "Khokhlova, Daria"]
[Result "1-0"]
[WhiteTitle "IM"]
[WhiteElo "2352"]
[BlackElo "2196"]
[WhiteTeam "Yugra (KhMAO-Yugra)"]
[BlackTeam "Amazonki QDDA (Kurskaya oblast)"]
[WhiteFideId "4149351"]
[BlackFideId "24182729"]
[EventDate "2020.11.19"]

1. d4 Nf6 2. c4 e6 3. Nf3 b6 4. a3 Bb7 5. Nc3 Be7 6. Qc2 c5 7. dxc5 bxc5 8. Bf4
Nh5 9. Bg3 Nxg3 10. hxg3 h6 11. e3 O-O 12. g4 Nc6 13. O-O-O Na5 14. Ne5 d6 15.
f4 Qc8 16. Nf3 Bxf3 17. gxf3 Qb7 18. g5 Qxf3 19. Rh3 Qg4 20. Qh2 e5 21. Nd5 Bd8
22. Bd3 e4 23. Rg1 Nb3+ 24. Kb1 Nd2+ 25. Ka2 Nf3 26. Rxf3 Qxf3 27. Be2 1-0